[Event "IND-ch U19 Girls"]
[Site "Ahmedabad"]
[Date "2023.09.20"]
[Round "1"]
[White "Prakash, Vaishnavi"]
[Black "Jyothsna, L."]
[Result "1/2-1/2"]
[WhiteElo "1383"]
[BlackElo "1940"]
[PlyCount "73"]
[EventDate "2023.09.20"]
[EventType "swiss"]
[EventRounds "11"]
[EventCountry "IND"]
[SourceTitle "EXT 2024"]
[Source "ChessBase"]
[SourceDate "2023.10.10"]
[SourceVersion "1"]
[SourceVersionDate "2023.10.10"]
[SourceQuality "1"]

1. e4 e6 2. d4 d5 3. exd5 exd5 4. Nf3 Bd6 5. Bd3 Nc6 6. c3 Nge7 7. Nbd2 Bg4 8. h3 Bh5 9. Nf1 Bg6 10. Be2 Qd7 11. Ne3 Bf4 12. Ng4 Bxc1 13. Rxc1 f6 14. Ne3 Nf5 15. Nxf5 Bxf5 16. 0-0 0-0-0 17. b4 Kb8 18. b5 Ne7 19. c4 dxc4 20. Rxc4 Nd5 21. Re1 Rhe8 22. Bf1 Rxe1 23. Qxe1 Re8 24. Qa5 Nb6 25. Rc3 Qd6 26. Ra3 Nc8 27. Rb3 Be4 28. Re3 Re7 29. Qd2 Bxf3 30. Rxf3 Re4 31. g3 Rxd4 32. Qc2 g6 33. Bg2 Rd1+ 34. Kh2 Rd2 35. Qe4 Qe5 36. Rxf6 Qxe4 37. Bxe4 1/2-1/2

[Event "Asia-ch U20 Girls"]
[Site "Jamshedpur"]
[Date "2023.09.15"]
[Round "9"]
[White "Jyothsna, L."]
[Black "Patil, Disha"]
[Result "1/2-1/2"]
[WhiteElo "1940"]
[BlackElo "1617"]
[PlyCount "63"]
[EventDate "2023.09.09"]
[EventType "swiss"]
[EventRounds "9"]
[EventCountry "IND"]
[SourceTitle "EXT 2024"]
[Source "ChessBase"]
[SourceDate "2023.10.10"]
[SourceVersion "1"]
[SourceVersionDate "2023.10.10"]
[SourceQuality "1"]

1. d4 d5 2. c4 c6 3. Nc3 Nf6 4. Nf3 e6 5. cxd5 exd5 6. Qc2 Nbd7 7. Bf4 Nh5 8. Bg5 Be7 9. Bxe7 Qxe7 10. e3 0-0 11. Bd3 h6 12. 0-0 Nhf6 13. Rab1 Re8 14. Na4 Ne4 15. b4 Ndf6 16. Ne5 Bd7 17. Nc5 Nd6 18. Rfc1 Rec8 19. h3 Be8 20. Nb3 Nd7 21. Nxd7 Bxd7 22. Qe2 f5 23. a4 b6 24. Nd2 Ne4 25. Nf3 c5 26. bxc5 bxc5 27. Bxe4 fxe4 28. Ne5 cxd4 29. exd4 Be6 30. Qa6 Kh7 31. Re1 Rc2 32. Rf1 1/2-1/2

[Event "Asia-ch U20 Girls"]
[Site "Jamshedpur"]
[Date "2023.09.13"]
[Round "7"]
[White "Jyothsna, L."]
[Black "Ivanova, Anastasia2222"]
[Result "0-1"]
[WhiteElo "1940"]
[BlackElo "1840"]
[PlyCount "146"]
[EventDate "2023.09.09"]
[EventType "swiss"]
[EventRounds "9"]
[EventCountry "IND"]
[SourceTitle "EXT 2024"]
[Source "ChessBase"]
[SourceDate "2023.10.10"]
[SourceVersion "1"]
[SourceVersionDate "2023.10.10"]
[SourceQuality "1"]

1. d4 Nf6 2. Nf3 g6 3. c4 Bg7 4. Nc3 d5 5. e3 0-0 6. Qb3 dxc4 7. Bxc4 Nbd7 8. 0-0 c5 9. d5 Nb6 10. e4 Nxc4 11. Qxc4 b6 12. e5 Ne8 13. Rd1 Bb7 14. Bf4 Nc7 15. Rd2 Qd7 16. Rad1 e6 17. d6 Nd5 18. Bg5 f6 19. Nxd5 Bxd5 20. Rxd5 fxg5 21. Nxg5 Rae8 22. R5d3 Bxe5 23. Rh3 h5 24. Qd3 Rf5 25. Nf3 Bf6 26. Rg3 Kh7 27. Qe4 e5 28. Nh4 Bxh4 29. Qxh4 Re6 30. Rgd3 Rf4 31. Qg5 Rd4 32. f4 Rexd6 33. Rxd4 Rxd4 34. Re1 Rxf4 35. Qxe5 Qd4+ 36. Qxd4 Rxd4 37. Re2 Kg7 38. Kf2 Kf6 39. Ke3 Ke5 40. Rf2 Re4+ 41. Kd3 Rf4 42. Re2+ Kd6 43. Ke3 Rf5 44. Rd2+ Rd5 45. Rf2 Re5+ 46. Kd3 Rf5 47. Rc2 b5 48. Ke3 Re5+ 49. Kd3 Kd5 50. Rf2 c4+ 51. Kc3 Kc5 52. a3 a5 53. Kd2 Rf5 54. Re2 b4 55. axb4+ axb4 56. Ke1 Kd6 57. Kd2 Rd5+ 58. Kc2 Rd3 59. Re8 b3+ 60. Kc1 Kc5 61. Rg8 Rd6 62. Rc8+ Rc6 63. Rf8 Ra6 64. Rc8+ Kd4 65. Kd2 Ra1 66. Rd8+ Ke4 67. Re8+ Kd5 68. Rd8+ Ke5 69. Re8+ Kf5 70. Rf8+ Kg5 71. Rf2 Rb1 72. Ke3 Rc1 73. Rd2 c3 0-1

[Event "Asia-ch U20 Girls"]
[Site "Jamshedpur"]
[Date "2023.09.10"]
[Round "3"]
[White "Jyothsna, L."]
[Black "Khairmode, Dhanashree"]
[Result "1-0"]
[WhiteElo "1940"]
[BlackElo "1616"]
[PlyCount "77"]
[EventDate "2023.09.09"]
[EventType "swiss"]
[EventRounds "9"]
[EventCountry "IND"]
[SourceTitle "EXT 2024"]
[Source "ChessBase"]
[SourceDate "2023.10.10"]
[SourceVersion "1"]
[SourceVersionDate "2023.10.10"]
[SourceQuality "1"]

1. d4 Nf6 2. Nf3 e6 3. Bg5 d5 4. e3 Nbd7 5. c3 c5 6. Nbd2 Be7 7. Bd3 b6 8. Qa4 0-0 9. Ne5 Qc7 10. f4 h6 11. Bxf6 Nxf6 12. Qd1 Bb7 13. Qf3 Nd7 14. Qh3 Nxe5 15. fxe5 f5 16. 0-0 Bg5 17. Rae1 Qe7 18. Nf3 Bc6 19. Nxg5 Qxg5 20. Rf4 Be8 21. Ref1 Bh5 22. c4 g6 23. cxd5 Bg4 24. Qg3 exd5 25. Qe1 Rac8 26. Kh1 Kg7 27. h3 Bh5 28. Qf2 Qe7 29. Qg1 cxd4 30. exd4 Qg5 31. Qf2 Qe7 32. Kh2 Rcd8 33. Qe1 Qe6 34. Qb4 a5 35. Qa3 Qc8 36. Qb3 Qc7 37. Qa3 Qc8 38. R4f2 Rf7 39. g4 1-0

[Event "IND-chT (Women)"]
[Site "Pollachi"]
[Date "2023.02.16"]
[Round "7.2"]
[White "Vantika, Agrawal"]
[Black "Jyothsna, L."]
[Result "1-0"]
[WhiteElo "2370"]
[BlackElo "1910"]
[PlyCount "57"]
[EventDate "2023.02.10"]
[EventType "team-swiss"]
[EventRounds "7"]
[EventCountry "IND"]
[SourceTitle "CBM 212 Extra"]
[Source "ChessBase"]
[SourceDate "2023.03.31"]
[SourceVersion "1"]
[SourceVersionDate "2023.03.31"]
[SourceQuality "1"]
[WhiteTeam "AAI (W)"]
[BlackTeam "Tamil Nadu (W) II"]
[WhiteTeamCountry "IND"]
[BlackTeamCountry "IND"]

1. Nf3 d6 2. d4 Bg4 3. e4 Nd7 4. h3 Bxf3 5. Qxf3 c6 6. Bc4 e6 7. Bb3 Ngf6 8. Nc3 Qc7 9. Be3 Be7 10. g4 Nb6 11. g5 Nfd7 12. a4 a5 13. d5 exd5 14. exd5 0-0 15. Qg3 Rac8 16. Rd1 Rfd8 17. h4 Ne5 18. h5 Re8 19. g6 c5 20. gxh7+ Kxh7 21. Rg1 Rg8 22. Ne4 f5 23. Nxc5 dxc5 24. d6 Bxd6 25. Qg6+ Kh8 26. Rxd6 Nbc4 27. Bxc4 Nxc4 28. h6 Nxd6 29. Rh1 1-0

[Event "IND-chT (Women)"]
[Site "Pollachi"]
[Date "2023.02.12"]
[Round "3.2"]
[White "Mrudul, Dehankar"]
[Black "Jyothsna, L."]
[Result "1/2-1/2"]
[WhiteElo "2034"]
[BlackElo "1910"]
[PlyCount "61"]
[EventDate "2023.02.10"]
[EventType "team-swiss"]
[EventRounds "7"]
[EventCountry "IND"]
[SourceTitle "CBM 212 Extra"]
[Source "ChessBase"]
[SourceDate "2023.03.31"]
[SourceVersion "1"]
[SourceVersionDate "2023.03.31"]
[SourceQuality "1"]
[WhiteTeam "Maharashtra (W)"]
[BlackTeam "Tamil Nadu (W) II"]
[WhiteTeamCountry "IND"]
[BlackTeamCountry "IND"]

1. e4 c5 2. Nf3 a6 3. c3 d5 4. exd5 Qxd5 5. d4 Nf6 6. Be2 e6 7. 0-0 Nc6 8. h3 Be7 9. Be3 cxd4 10. cxd4 0-0 11. Nc3 Qd6 12. Rc1 Rd8 13. a3 b5 14. Bd3 Bb7 15. Ne4 Nxe4 16. Bxe4 Rac8 17. Ne5 Nxe5 18. Bxb7 Rxc1 19. Qxc1 Nc4 20. Bf3 Bf6 21. Rd1 h6 22. Be2 Nxe3 23. fxe3 Rd7 24. Bf3 Rc7 25. Qd2 Bg5 26. Qf2 Qe7 27. Be4 Rc4 28. Bd3 Rc8 29. Bb1 Rc4 30. Bd3 Rc6 31. Be4 1/2-1/2

[Event "IND-ch U19 Girls"]
[Site "Pune"]
[Date "2022.07.13"]
[Round "3"]
[White "Jyothsna, L."]
[Black "Khairmode, Dhanashree"]
[Result "1/2-1/2"]
[WhiteElo "1967"]
[BlackElo "1622"]
[PlyCount "61"]
[EventDate "2022.07.12"]
[EventType "swiss"]
[EventRounds "11"]
[EventCountry "IND"]
[SourceTitle "EXT 2023"]
[Source "ChessBase"]
[SourceDate "2022.10.05"]
[SourceVersion "1"]
[SourceVersionDate "2022.10.05"]
[SourceQuality "1"]

1. Nf3 Nf6 2. e3 e6 3. c4 d5 4. b3 c5 5. Bb2 Nc6 6. cxd5 exd5 7. Be2 Be7 8. 0-0 0-0 9. d4 b6 10. Nc3 Bb7 11. Rc1 Rc8 12. dxc5 Bxc5 13. Nb5 Ne4 14. Nbd4 Nxd4 15. Nxd4 Be7 16. Rxc8 Qxc8 17. Qa1 Bf6 18. Rc1 Qd8 19. Ba3 Re8 20. Bb2 Bxd4 21. Bxd4 f6 22. Rc2 Qd7 23. Qc1 Rc8 24. Bd3 Rxc2 25. Qxc2 Qc6 26. Qb1 h6 27. f3 Nc3 28. Qc2 Nb5 29. Qxc6 Bxc6 30. Bxb5 Bxb5 31. Kf2 1/2-1/2

[Event "Wch U18 Girls"]
[Site "Mumbai"]
[Date "2019.10.03"]
[Round "3"]
[White "Afonasieva, Anna"]
[Black "Jyothsna, L."]
[Result "1-0"]
[WhiteElo "2312"]
[BlackElo "1995"]
[PlyCount "85"]
[EventDate "2019.10.02"]
[EventType "swiss"]
[EventRounds "11"]
[EventCountry "IND"]
[SourceTitle "EXT 2020"]
[Source "ChessBase"]
[SourceDate "2019.10.17"]
[SourceVersion "1"]
[SourceVersionDate "2019.10.17"]
[SourceQuality "1"]

1. d4 d5 2. Nf3 Nf6 3. c4 c6 4. Nc3 e6 5. e3 Nbd7 6. Bd3 dxc4 7. Bxc4 b5 8. Bd3 Bb7 9. 0-0 a6 10. a4 b4 11. Ne4 c5 12. Nxf6+ Nxf6 13. dxc5 Bxc5 14. Qe2 0-0 15. e4 g6 16. Bg5 Be7 17. e5 Nd7 18. Bxe7 Qxe7 19. Be4 Bxe4 20. Qxe4 a5 21. Rfc1 Nb6 22. Qe3 Nd5 23. Qh6 f6 24. exf6 Qxf6 25. Rc2 Rfc8 26. Rac1 Rxc2 27. Rxc2 b3 28. Re2 Rc8 29. Ne1 Rc4 30. g3 Qf5 31. Qd2 Rxa4 32. Qc1 Re4 33. Rd2 Kg7 34. Nd3 Rd4 35. Nc5 Rxd2 36. Qxd2 a4 37. Qd4+ Nf6 38. Nxa4 Qa5 39. Nc5 Qe1+ 40. Kg2 e5 41. Qc4 e4 42. Ne6+ Kh6 43. Qc5 1-0

[Event "Aktobe Dvorkovich Cup U16"]
[Site "Aktobe"]
[Date "2019.09.24"]
[Round "9.1"]
[White "Jyothsna, L."]
[Black "Cai, Youyang"]
[Result "1-0"]
[WhiteElo "1989"]
[BlackElo "1910"]
[PlyCount "109"]
[EventDate "2019.09.23"]
[EventType "team-tourn (rapid)"]
[EventRounds "9"]
[EventCountry "KAZ"]
[SourceTitle "EXT 2020"]
[Source "ChessBase"]
[SourceDate "2019.10.17"]
[SourceVersion "1"]
[SourceVersionDate "2019.10.17"]
[SourceQuality "1"]
[WhiteTeam "India U16"]
[BlackTeam "China U16"]
[WhiteTeamCountry "IND"]
[BlackTeamCountry "CHN"]

1. d4 d5 2. c4 e6 3. cxd5 exd5 4. Nc3 Nf6 5. Bg5 c6 6. Qc2 h6 7. Bh4 Be7 8. e3 0-0 9. Bd3 Nbd7 10. Nge2 Re8 11. 0-0 Nf8 12. f3 Ne6 13. Bf2 Bd6 14. Ng3 Qc7 15. Rfc1 a6 16. Rab1 h5 17. Bf5 g6 18. Bh3 Ng5 19. Bxc8 Raxc8 20. Nf1 Ne6 21. Na4 Ng7 22. Nc5 b6 23. Nb3 Nf5 24. Qd3 h4 25. Nbd2 h3 26. e4 dxe4 27. fxe4 hxg2 28. Kxg2 Nh5 29. Qf3 Nh6 30. e5 Bf8 31. Ng3 Nxg3 32. hxg3 Qd7 33. Ne4 Ng4 34. Qxg4 Qxg4 35. Nf6+ Kh8 36. Nxg4 c5 37. dxc5 bxc5 38. b3 Red8 39. Rd1 Kg7 40. Kf3 Be7 41. Ke2 a5 42. Rxd8 Rxd8 43. Rd1 Rxd1 44. Kxd1 g5 45. Ne3 Kg6 46. g4 f6 47. Nd5 Bd8 48. exf6 Bxf6 49. Nxf6 Kxf6 50. Ke2 Ke5 51. Kf3 Kd5 52. Be1 a4 53. bxa4 c4 54. Bc3 Kc5 55. Ke4 1-0

[Event "Aktobe Dvorkovich Cup U16"]
[Site "Aktobe"]
[Date "2019.09.24"]
[Round "6.1"]
[White "Tarasenka, Aliaksandra"]
[Black "Jyothsna, L."]
[Result "0-1"]
[WhiteElo "2142"]
[BlackElo "1989"]
[PlyCount "66"]
[EventDate "2019.09.23"]
[EventType "team-tourn (rapid)"]
[EventRounds "9"]
[EventCountry "KAZ"]
[SourceTitle "EXT 2020"]
[Source "ChessBase"]
[SourceDate "2019.10.17"]
[SourceVersion "1"]
[SourceVersionDate "2019.10.17"]
[SourceQuality "1"]
[WhiteTeam "Belarus U16"]
[BlackTeam "India U16"]
[WhiteTeamCountry "BLR"]
[BlackTeamCountry "IND"]

1. e4 e6 2. d4 d5 3. Nc3 h6 4. Nf3 Nf6 5. Bd3 Bb4 6. exd5 exd5 7. 0-0 0-0 8. Ne2 Bd6 9. Ng3 Nc6 10. c3 Bg4 11. h3 Be6 12. Nf5 Re8 13. Nxd6 Qxd6 14. Re1 Bd7 15. Be3 Ne4 16. Qc2 f5 17. g3 g5 18. Kh2 f4 19. gxf4 gxf4 20. Rg1+ Kh8 21. Bc1 Qe6 22. Rg4 Rg8 23. Rh4 Qg6 24. Bf1 Ng5 25. Ne1 Qxc2 26. Rxh6+ Qh7 27. Rxh7+ Kxh7 28. Bxf4 Raf8 29. Bd3+ Bf5 30. Bxf5+ Rxf5 31. Bg3 Ne4 32. Nd3 Nxg3 33. fxg3 Rf3 0-1

[Event "Aktobe Dvorkovich Cup U16"]
[Site "Aktobe"]
[Date "2019.09.23"]
[Round "4.1"]
[White "Abdelaziz, Tinhinane"]
[Black "Jyothsna, L."]
[Result "0-1"]
[WhiteElo "1378"]
[BlackElo "1989"]
[PlyCount "116"]
[EventDate "2019.09.23"]
[EventType "team-tourn (rapid)"]
[EventRounds "9"]
[EventCountry "KAZ"]
[SourceTitle "EXT 2020"]
[Source "ChessBase"]
[SourceDate "2019.10.17"]
[SourceVersion "1"]
[SourceVersionDate "2019.10.17"]
[SourceQuality "1"]
[WhiteTeam "Algeria U16"]
[BlackTeam "India U16"]
[WhiteTeamCountry "ALG"]
[BlackTeamCountry "IND"]

1. e4 Nf6 2. e5 Nd5 3. d4 d6 4. f4 dxe5 5. fxe5 c5 6. c3 cxd4 7. cxd4 Nc6 8. Nf3 Bg4 9. Be2 e6 10. 0-0 Be7 11. Nc3 0-0 12. Nxd5 Qxd5 13. Be3 Rad8 14. a3 Qe4 15. Qd2 Qd5 16. Rad1 Rd7 17. h3 Bh5 18. Kh1 Rfd8 19. Ng5 Bg6 20. Bd3 Bxd3 21. Qxd3 Bxg5 22. Bxg5 Rc8 23. Be3 Nxe5 24. Qe2 Ng6 25. Qf2 Rdc7 26. Rd2 a6 27. Kg1 Qd7 28. Bf4 Rc1 29. Rdd1 Rxd1 30. Rxd1 Ne7 31. Be5 f6 32. Bf4 Rc6 33. Rf1 Qd5 34. Be5 Nf5 35. g4 fxe5 36. gxf5 exf5 37. dxe5 Rg6+ 38. Kh2 Qxe5+ 39. Kh1 Rf6 40. Qg2 Qe4 41. Qxe4 fxe4 42. Re1 Re6 43. Kg2 Kf7 44. Kg3 g5 45. Kg4 Kg6 46. Re2 h5+ 47. Kg3 Kf5 48. Rf2+ Ke5 49. Re2 Kd4 50. Kf2 e3+ 51. Kf3 Rf6+ 52. Kg3 Kd3 53. Re1 e2 54. h4 gxh4+ 55. Kxh4 Kd2 56. Rh1 e1Q+ 57. Rxe1 Kxe1 58. Kxh5 Rf2 0-1

[Event "Western Asia-ch U18 Girls"]
[Site "Delhi"]
[Date "2019.09.09"]
[Round "8"]
[White "Jyothsna, L."]
[Black "Toshali, V."]
[Result "1/2-1/2"]
[WhiteElo "1989"]
[BlackElo "1823"]
[PlyCount "241"]
[EventDate "2019.09.06"]
[EventType "swiss"]
[EventRounds "9"]
[EventCountry "IND"]
[SourceTitle "CBM 192 Extra"]
[Source "Chessbase"]
[SourceDate "2019.11.06"]
[SourceVersion "1"]
[SourceVersionDate "2019.11.06"]
[SourceQuality "1"]

1. b3 Nc6 2. Bb2 e5 3. e3 Nf6 4. Bb5 d6 5. Nf3 Be7 6. d4 exd4 7. Nxd4 Bd7 8. Nxc6 Bxc6 9. Bxc6+ bxc6 10. Nd2 0-0 11. 0-0 Re8 12. Qf3 d5 13. Rfd1 Qc8 14. c4 a5 15. Rac1 a4 16. Bxf6 Bxf6 17. cxd5 axb3 18. axb3 cxd5 19. Qxd5 Rd8 20. Qc4 Qd7 21. Qc2 Qd3 22. Qxd3 Rxd3 23. Ne4 Rxb3 24. Nxf6+ gxf6 25. Rxc7 Rab8 26. Rcc1 Rb2 27. g3 Kg7 28. Kg2 R8b3 29. Kf3 Ra3 30. Rd4 Raa2 31. Rg4+ Kf8 32. Rf1 Rd2 33. h4 Ra5 34. Rf4 Kg7 35. Kg2 Raa2 36. Kf3 Ra5 37. Kg2 Raa2 38. Rh1 Re2 39. Rf3 Reb2 40. Rf4 Re2 41. Rf3 Reb2 42. h5 h6 43. Rf5 Rb4 44. Rd1 Ra6 45. Rd4 Rab6 46. g4 R4b5 47. Rf3 Rb3 48. Rdf4 R3b5 49. Rc4 Rb4 50. Rd4 R4b5 51. Rd7 Rb4 52. Kg3 Rb1 53. Rf4 Rg1+ 54. Kf3 Rgb1 55. Kg3 Rg1+ 56. Kh2 Rgb1 57. Kg2 R1b4 58. Rfd4 Rb7 59. R7d6 R4b6 60. Rxb6 Rxb6 61. Rd7 Rb5 62. e4 Rb3 63. f3 Rb2+ 64. Kg3 Rb5 65. Rd5 Rb1 66. Kf4 Rb6 67. Kf5 Ra6 68. f4 Rb6 69. e5 fxe5 70. Rxe5 Rb1 71. Rc5 Ra1 72. Rd5 Rf1 73. Rd6 Rf2 74. Ke4 Rg2 75. Kf3 Rg1 76. Rd5 Rf1+ 77. Ke4 Re1+ 78. Kf3 Rf1+ 79. Kg3 Rg1+ 80. Kh3 Rf1 81. Rf5 f6 82. Kg2 Ra1 83. Rd5 Ra3 84. Rd7+ Kg8 85. Kf2 Rb3 86. Re7 Ra3 87. Re3 Ra4 88. Kf3 Ra3 89. Kf2 Ra4 90. Kf3 Rb4 91. Re7 Ra4 92. Rd7 Rb4 93. Ke3 Ra4 94. Rd4 Ra5 95. Rd8+ Kf7 96. Rd7+ Ke6 97. Rh7 Ra3+ 98. Kf2 Ra4 99. Kg3 Ra3+ 100. Kg2 Ra4 101. Kg3 Ra3+ 102. Kh4 Rf3 103. f5+ Ke5 104. Rxh6 Kf4 105. Rxf6 Rf1 106. Kh3 Rf3+ 107. Kg2 Rg3+ 108. Kf2 Rxg4 109. h6 Rh4 110. Kg2 Kg5 111. Ra6 Rxh6 112. Rxh6 Kxh6 113. Kf3 Kg5 114. Ke4 Kf6 115. Kf4 Kf7 116. Ke5 Ke7 117. f6+ Kf7 118. Kf5 Kf8 119. Kg6 Kg8 120. f7+ Kf8 121. Kf6 1/2-1/2

[Event "Western Asia-ch U18 Girls"]
[Site "Delhi"]
[Date "2019.09.09"]
[Round "7"]
[White "Priyanka, K."]
[Black "Jyothsna, L."]
[Result "1/2-1/2"]
[WhiteElo "2169"]
[BlackElo "1989"]
[PlyCount "52"]
[EventDate "2019.09.06"]
[EventType "swiss"]
[EventRounds "9"]
[EventCountry "IND"]
[SourceTitle "CBM 192 Extra"]
[Source "Chessbase"]
[SourceDate "2019.11.06"]
[SourceVersion "1"]
[SourceVersionDate "2019.11.06"]
[SourceQuality "1"]

1. e4 c6 2. Nc3 d5 3. Nf3 Bg4 4. h3 Bxf3 5. Qxf3 e6 6. Be2 Nf6 7. 0-0 Be7 8. Rd1 0-0 9. d4 Bb4 10. exd5 cxd5 11. Bd3 Nc6 12. Ne2 Be7 13. c3 Rc8 14. b4 Nb8 15. a4 Nbd7 16. a5 Ne8 17. Bf4 Nd6 18. Rac1 Nf6 19. Ng3 Nc4 20. Re1 Qd7 21. Be5 Qd8 22. Qe2 Nd7 23. Nh5 g6 24. Nf4 Bg5 25. Qg4 f5 26. Qg3 Re8 1/2-1/2

[Event "Western Asia-ch U18 Girls"]
[Site "Delhi"]
[Date "2019.09.08"]
[Round "5"]
[White "Mrudul, Dehankar"]
[Black "Jyothsna, L."]
[Result "1/2-1/2"]
[WhiteElo "2198"]
[BlackElo "1989"]
[PlyCount "45"]
[EventDate "2019.09.06"]
[EventType "swiss"]
[EventRounds "9"]
[EventCountry "IND"]
[SourceTitle "CBM 192 Extra"]
[Source "Chessbase"]
[SourceDate "2019.11.06"]
[SourceVersion "1"]
[SourceVersionDate "2019.11.06"]
[SourceQuality "1"]

1. Nf3 d5 2. g3 c6 3. Bg2 Nf6 4. d3 Bf5 5. 0-0 h6 6. b3 e6 7. Bb2 Nbd7 8. Nbd2 Be7 9. c4 0-0 10. a3 a5 11. Ra2 Qb6 12. Qa1 Rfd8 13. Bc3 Ra6 14. Qb2 Bh7 15. Ne5 Nxe5 16. Bxe5 Raa8 17. Raa1 Ne8 18. cxd5 cxd5 19. Nf3 Rac8 20. Rac1 Rc6 21. Bd4 Qb5 22. Ne5 Rxc1 23. Nxf7 1/2-1/2